01353cam a2200349 a 45000010005000000030006000050050017000110080041000280100017000690200029000860200024001150200018001390200018001570400023001750500027001980820019002251000020002442450087002642600037003513000047003884900040004355050007004755200159004825210020006415210018006616500071006796500049007506500024007996500028008236510073008516550079009249520FISKH20260119082717.0900105s1991 nyua j 000 0 eng  a 90030275  a0679901698 (lib. bdg.) : a0679801693 (pbk.) : a9780679901693 a9780679801696 aDLCcDLCdDLCbeng00aDS559.83.W18bD66 199100a959.704/362201 aDonnelly, Judy.12aA wall of names :bthe story of the Vietnam Veterans Memorial /cby Judy Donnelly. aNew York :bRandom House,c1991. a48 pages :bcolor illustrations ; c23 cm.1 aStep into reading : vA Step 4 book aR  aSurveys the history of the Vietnam War, chronicles the construction of the the Vietnam Memorial, and discusses what the Memorial means to many Americans.8 a690 bLexile 8 aR bRaz-Plus  0aVietnam Veterans Memorial (Washington, D.C.)vJuvenile literature. 1aVietnam Veterans Memorial (Washington, D.C.) 1aNational monuments. 1aVietnam War, 1961-1975. 0aWashington (D.C.)xBuildings, structures, etc.vJuvenile literature. 7aLiterature.2lcgft0https://id.loc.gov/authorities/genreForms/gf2014026415